[Event "Titled Tuesday intern op 19th Sep Early"]
[Site "Chess.com INT"]
[Date "2023.09.19"]
[Round "3"]
[White "Kosteniuk, Alexandra"]
[Black "Polanco Nunez, Yoel Estarling"]
[Result "1-0"]
[WhiteElo "2523"]
[BlackElo "2204"]
[PlyCount "127"]
[EventDate "2023.09.19"]
[EventType "swiss (blitz)"]
[EventRounds "11"]
[EventCountry "USA"]
[SourceTitle "EXT 2024"]
[Source "ChessBase"]
[SourceDate "2023.10.10"]
[SourceVersion "1"]
[SourceVersionDate "2023.10.10"]
[SourceQuality "1"]

1. e4 e5 2. Nf3 Nc6 3. Bb5 a6 4. Ba4 Nf6 5. d4 exd4 6. 0-0 Be7 7. e5 Ne4 8. Nxd4 Nc5 9. Nf5 g6 10. Nxe7 Qxe7 11. Bxc6 dxc6 12. Nc3 Bf5 13. Bh6 Rd8 14. Qe2 Ne6 15. Qe3 Rg8 16. Ne4 Bxe4 17. Qxe4 Kd7 18. Be3 Kc8 19. f4 Ng7 20. Rad1 Nf5 21. Bf2 h5 22. Qc4 Kb8 23. Rfe1 Qe6 24. Qc5 b6 25. Qa3 Kb7 26. Qb3 c5 27. Qf3+ Qc6 28. Qxc6+ Kxc6 29. c3 Rxd1 30. Rxd1 Re8 31. g3 c4 32. Rd2 b5 33. Kg2 Ne7 34. h3 Nd5 35. Kf3 f5 36. exf6 Nxf6 37. Bd4 Nd5 38. Re2 Rxe2 39. Kxe2 Kd6 40. Kf3 c5 41. Be5+ Ke6 42. Ke4 b4 43. g4 hxg4 44. hxg4 bxc3 45. Bxc3 Ne7 46. Bg7 a5 47. Bf8 Nc6 48. Bxc5 a4 49. f5+ gxf5+ 50. gxf5+ Kf7 51. Kd5 Na5 52. Bd4 Nb7 53. Be5 Na5 54. Bc3 Nb7 55. Kc6 Nd8+ 56. Kc7 Ke8 57. Kd6 Nf7+ 58. Ke6 Nh6 59. f6 Nf7 60. Kd5 Kd7 61. Kxc4 Nd6+ 62. Kb4 a3 63. Kxa3 Ke6 64. Kb4 1-0

[Event "Titled Tuesday intern op 19th Sep Early"]
[Site "Chess.com INT"]
[Date "2023.09.19"]
[Round "1"]
[White "Polanco Nunez, Yoel Estarling"]
[Black "Bilan, Danila"]
[Result "1-0"]
[WhiteElo "2204"]
[BlackElo "2303"]
[PlyCount "81"]
[EventDate "2023.09.19"]
[EventType "swiss (blitz)"]
[EventRounds "11"]
[EventCountry "USA"]
[SourceTitle "EXT 2024"]
[Source "ChessBase"]
[SourceDate "2023.10.10"]
[SourceVersion "1"]
[SourceVersionDate "2023.10.10"]
[SourceQuality "1"]

1. d4 d5 2. Nf3 Nf6 3. c4 c6 4. Nc3 e6 5. Bg5 Nbd7 6. e3 Qa5 7. cxd5 exd5 8. Bxf6 Nxf6 9. Bd3 Bd6 10. 0-0 Bg4 11. h3 Bh5 12. Re1 0-0 13. a3 Rfe8 14. b4 Qd8 15. e4 dxe4 16. Nxe4 Nxe4 17. Bxe4 Qf6 18. Qd3 Bg6 19. Bxg6 hxg6 20. g3 Rad8 21. Kg2 Bc7 22. Rxe8+ Rxe8 23. Re1 Rxe1 24. Nxe1 Qe6 25. Nf3 Qd5 26. Qe3 Bb6 27. h4 Kh7 28. Kh2 f6 29. Kh3 a5 30. bxa5 Qxa5 31. Qe4 Qf5+ 32. Qxf5 gxf5 33. a4 Ba7 34. Kg2 Kg8 35. Kf1 Kf7 36. Ke2 Ke6 37. Kd3 Kd5 38. h5 b5 39. a5 b4 40. a6 Bb6 41. Nh4 1-0

[Event "Titled Tuesday intern op 06th Jun Early"]
[Site "Chess.com INT"]
[Date "2023.06.06"]
[Round "6"]
[White "Bilan, Danila"]
[Black "Polanco Nunez, Yoel Estarling"]
[Result "1-0"]
[WhiteElo "2303"]
[BlackElo "2180"]
[PlyCount "95"]
[EventDate "2023.06.06"]
[EventType "swiss (blitz)"]
[EventRounds "11"]
[EventCountry "USA"]
[SourceTitle "EXT 2024"]
[Source "ChessBase"]
[SourceDate "2023.10.10"]
[SourceVersion "1"]
[SourceVersionDate "2023.10.10"]
[SourceQuality "1"]

1. d4 Nf6 2. Nf3 d5 3. c4 e6 4. Nc3 Be7 5. Bg5 0-0 6. e3 Ne4 7. Bf4 Nxc3 8. bxc3 b6 9. cxd5 exd5 10. Bd3 Bb7 11. 0-0 c5 12. Rc1 c4 13. Bb1 Nc6 14. Re1 b5 15. e4 dxe4 16. Bxe4 Na5 17. d5 f5 18. Bc2 Bf6 19. Bxf5 Bxd5 20. Qc2 Bxf3 21. gxf3 Bg5 22. Rcd1 Qf6 23. Bxh7+ Kh8 24. Bg3 Rad8 25. Be4 Nc6 26. Rxd8 Rxd8 27. Rd1 Rxd1+ 28. Qxd1 Ne5 29. Qd5 Ng6 30. Qxb5 Kh7 31. Qxc4 Kh6 32. Qc6 Qxc6 33. Bxc6 Nf4 34. Be4 g6 35. c4 Kg7 36. c5 Ne2+ 37. Kf1 Nxg3+ 38. fxg3 Bd8 39. c6 Kf6 40. Ke2 g5 41. Kd3 Bc7 42. Kc4 Ke5 43. Bd5 Bb6 44. h4 gxh4 45. gxh4 Kf4 46. Be4 Bc7 47. Kd5 Kg3 48. h5 1-0

[Event "Titled Tuesday intern op 06th Jun Early"]
[Site "Chess.com INT"]
[Date "2023.06.06"]
[Round "4"]
[White "Bruedigam, Martin"]
[Black "Polanco Nunez, Yoel Estarling"]
[Result "1-0"]
[WhiteElo "2379"]
[BlackElo "2180"]
[PlyCount "76"]
[EventDate "2023.06.06"]
[EventType "swiss (blitz)"]
[EventRounds "11"]
[EventCountry "USA"]
[SourceTitle "EXT 2024"]
[Source "ChessBase"]
[SourceDate "2023.10.10"]
[SourceVersion "1"]
[SourceVersionDate "2023.10.10"]
[SourceQuality "1"]

1. d4 Nf6 2. c4 e6 3. Nc3 Bb4 4. Bd2 Kf8 5. Nf3 b6 6. e3 Bb7 7. Bd3 d6 8. 0-0 Nbd7 9. Qc2 a5 10. e4 e5 11. d5 Nc5 12. b3 a4 13. Nxa4 Bxd2 14. Nxc5 bxc5 15. Nxd2 h5 16. a3 h4 17. b4 cxb4 18. axb4 g5 19. c5 Ke7 20. Rfc1 Rxa1 21. Rxa1 g4 22. Nf1 g3 23. Ne3 gxh2+ 24. Kh1 h3 25. g3 Qd7 26. c6 Bxc6 27. Qxc6 Qxc6 28. dxc6 Rb8 29. b5 Ke6 30. Kxh2 d5 31. exd5+ Kd6 32. Kxh3 e4 33. Be2 Ke5 34. Kg2 Nxd5 35. Nxd5 Kxd5 36. Rd1+ Ke6 37. Rd7 Rc8 38. Bc4+ Ke5 1-0

[Event "Titled Tuesday intern op 06th Jun Early"]
[Site "Chess.com INT"]
[Date "2023.06.06"]
[Round "2"]
[White "Polanco Nunez, Yoel Estarling"]
[Black "Manukyan, Sargis A"]
[Result "1-0"]
[WhiteElo "2180"]
[BlackElo "2158"]
[PlyCount "121"]
[EventDate "2023.06.06"]
[EventType "swiss (blitz)"]
[EventRounds "11"]
[EventCountry "USA"]
[SourceTitle "EXT 2024"]
[Source "ChessBase"]
[SourceDate "2023.10.10"]
[SourceVersion "1"]
[SourceVersionDate "2023.10.10"]
[SourceQuality "1"]

1. c4 Nf6 2. Nf3 e6 3. g3 b6 4. Bg2 Bb7 5. 0-0 Be7 6. b3 0-0 7. Bb2 a5 8. Nc3 h6 9. e3 Na6 10. Qe2 d5 11. d4 c5 12. Rac1 cxd4 13. exd4 dxc4 14. bxc4 Nb4 15. Rfd1 a4 16. a3 Nc6 17. Nb5 Na5 18. d5 exd5 19. Ne5 Nb3 20. Rc2 Re8 21. cxd5 Bc5 22. Qd3 Ba6 23. Nc6 Qd7 24. Bxf6 gxf6 25. Bf1 Qg4 26. Re2 Rxe2 27. Bxe2 Qg6 28. Qf3 Bxb5 29. Bxb5 Bxa3 30. d6 Bxd6 31. Rxd6 a3 32. Ne7+ Kh7 33. Nxg6 a2 34. Rd1 Ra3 35. Qxf6 a1Q 36. Rxa1 Rxa1+ 37. Kg2 fxg6 38. Bc4 Ra7 39. Bxb3 Rg7 40. Bc2 b5 41. h4 h5 42. Qg5 b4 43. Qxh5+ Kg8 44. Bb3+ Kf8 45. Qc5+ Re7 46. Qxb4 g5 47. Qxe7+ Kxe7 48. hxg5 Kf8 49. f4 Kg7 50. Kf3 Kg6 51. g4 Kg7 52. f5 Kf8 53. Kf4 Kg7 54. f6+ Kh7 55. Kf5 Kh8 56. Bd1 Kh7 57. g6+ Kh8 58. g7+ Kh7 59. g5 Kg8 60. Bb3+ Kh7 61. g8Q# 1-0

[Event "American Continental 17th"]
[Site "Juan Dolio"]
[Date "2023.05.19"]
[Round "6"]
[White "Cardoso Cardoso, Jose Gabriel"]
[Black "Polanco Nunez, Yoel Estarling"]
[Result "1-0"]
[WhiteElo "2492"]
[BlackElo "2162"]
[PlyCount "70"]
[EventDate "2023.05.15"]
[EventType "swiss"]
[EventRounds "11"]
[EventCountry "DOM"]
[SourceTitle "CBM 214 Extra"]
[Source "ChessBase"]
[SourceDate "2023.07.31"]
[SourceVersion "1"]
[SourceVersionDate "2023.07.31"]
[SourceQuality "1"]

1. e4 e5 2. Nf3 Nc6 3. Bb5 a6 4. Ba4 Nf6 5. 0-0 b5 6. Bb3 d6 7. c3 Be7 8. Re1 0-0 9. h3 Be6 10. d4 Bxb3 11. Qxb3 Re8 12. a4 Na5 13. Qc2 Bf8 14. Bg5 h6 15. Bh4 g5 16. Bg3 Nh5 17. Bh2 Nf4 18. Na3 Qd7 19. b4 Nb7 20. Bxf4 exf4 21. axb5 axb5 22. Qd3 c6 23. d5 c5 24. Nxb5 Bg7 25. Ra7 Rxa7 26. Nxa7 Na5 27. Qb5 Qxb5 28. Nxb5 cxb4 29. cxb4 Nc4 30. Nbd4 Nd2 31. Nxd2 Bxd4 32. Nc4 Bc3 33. Nxd6 Rd8 34. Rc1 Rxd6 35. Rxc3 f5 1-0

[Event "Titled Tuesday intern op 04th Apr Early"]
[Site "Chess.com INT"]
[Date "2023.04.04"]
[Round "3"]
[White "Polanco Nunez, Yoel Estarling"]
[Black "Deveci, Huseyin Said"]
[Result "1-0"]
[WhiteElo "2162"]
[BlackElo "1965"]
[PlyCount "21"]
[EventDate "2023.04.04"]
[EventType "swiss (blitz)"]
[EventRounds "11"]
[EventCountry "USA"]
[SourceTitle "EXT 2024"]
[Source "ChessBase"]
[SourceDate "2023.10.10"]
[SourceVersion "1"]
[SourceVersionDate "2023.10.10"]
[SourceQuality "1"]

1. d4 d5 2. Nf3 Nf6 3. c4 c6 4. Qb3 dxc4 5. Qxc4 Nbd7 6. Nc3 e6 7. g3 Bd6 8. Bg2 e5 9. 0-0 e4 10. Ng5 Nb6 11. Qxf7# 1-0

[Event "Titled Tuesday intern op 04th Apr Early"]
[Site "Chess.com INT"]
[Date "2023.04.04"]
[Round "10"]
[White "Polanco Nunez, Yoel Estarling"]
[Black "Tifferet, Shaked"]
[Result "0-1"]
[WhiteElo "2162"]
[BlackElo "2256"]
[PlyCount "106"]
[EventDate "2023.04.04"]
[EventType "swiss (blitz)"]
[EventRounds "11"]
[EventCountry "USA"]
[SourceTitle "EXT 2024"]
[Source "ChessBase"]
[SourceDate "2023.10.10"]
[SourceVersion "1"]
[SourceVersionDate "2023.10.10"]
[SourceQuality "1"]

1. d4 d5 2. Nf3 c6 3. c4 Nf6 4. Qc2 g6 5. cxd5 cxd5 6. Nc3 Nc6 7. Bf4 Bg7 8. e3 0-0 9. Bb5 Bf5 10. Qe2 Nb4 11. Rc1 a6 12. a3 Nc6 13. Bxc6 bxc6 14. 0-0 a5 15. Na4 Ne4 16. h3 f6 17. Bh2 Bc8 18. Rfd1 Ba6 19. Qc2 Bb5 20. Nc5 Nxc5 21. Qxc5 a4 22. Ne1 e5 23. Nd3 exd4 24. exd4 Re8 25. Nb4 Re6 26. Re1 Qe8 27. Rxe6 Qxe6 28. Nxc6 Bc4 29. Nb4 Re8 30. Bg3 h5 31. h4 g5 32. hxg5 fxg5 33. Nc6 Bf8 34. Qb6 Rc8 35. Bc7 Bd6 36. Nd8 Qd7 37. Qxd6 Qxd6 38. Bxd6 Rxd8 39. Be7 Rd7 40. Bxg5 Rb7 41. Bd2 Rxb2 42. Bb4 Rb3 43. Bc5 Kf7 44. f3 Kg6 45. Kh2 Rb2 46. Kg3 Re2 47. Rb1 Bb3 48. Rh1 Bc2 49. Rh4 Bd3 50. Rh1 Rd2 51. Re1 Be2 52. Bb4 Rc2 53. Kf4 Ra2 0-1

[Event "Titled Tuesday intern op 04th Apr Early"]
[Site "Chess.com INT"]
[Date "2023.04.04"]
[Round "8"]
[White "Shapiro, Viktor"]
[Black "Polanco Nunez, Yoel Estarling"]
[Result "1/2-1/2"]
[WhiteElo "2192"]
[BlackElo "2162"]
[PlyCount "131"]
[EventDate "2023.04.04"]
[EventType "swiss (blitz)"]
[EventRounds "11"]
[EventCountry "USA"]
[SourceTitle "EXT 2024"]
[Source "ChessBase"]
[SourceDate "2023.10.10"]
[SourceVersion "1"]
[SourceVersionDate "2023.10.10"]
[SourceQuality "1"]

1. Nf3 d5 2. c4 dxc4 3. e3 e6 4. Bxc4 Nf6 5. d4 Be7 6. Nc3 0-0 7. 0-0 c5 8. Qe2 a6 9. a4 Nc6 10. Rd1 Qc7 11. b3 cxd4 12. Nxd4 Na5 13. Bb2 Nxc4 14. bxc4 e5 15. Nf3 Bg4 16. h3 Bh5 17. g4 Bg6 18. Nd5 Nxd5 19. Rxd5 f6 20. Rad1 Qc6 21. Rd7 Bc5 22. Nh4 Be4 23. f3 Bg6 24. Nxg6 hxg6 25. Kg2 Bd4 26. exd4 Qxd7 27. dxe5 Qe7 28. f4 g5 29. f5 fxe5 30. Rd5 Rae8 31. Rxe5 Qd7 32. a5 Rxe5 33. Qxe5 Re8 34. Qd4 Qxd4 35. Bxd4 Re4 36. Bb6 Rxc4 37. Kf3 Kf7 38. Bd8 Ra4 39. Ke3 g6 40. fxg6+ Kxg6 41. Kd3 Ra3+ 42. Kc4 Rxh3 43. Kc5 Rb3 44. Kd6 Rb4 45. Kc7 Rd4 46. Be7 Re4 47. Bd8 Rb4 48. Kc8 Rb5 49. Bb6 Rb4 50. Kxb7 Rxg4 51. Kxa6 Rb4 52. Kb7 g4 53. a6 g3 54. a7 g2 55. a8Q Rxb6+ 56. Kxb6 g1Q+ 57. Kc7 Qc5+ 58. Kb7 Qd5+ 59. Kb8 Qd8+ 60. Kb7 Qd5+ 61. Kb8 Qb5+ 62. Qb7 Qe8+ 63. Qc8 Qb5+ 64. Qb7 Qe5+ 65. Qc7 Qxc7+ 66. Kxc7 1/2-1/2

[Event "Titled Tuesday intern op 28th Mar Early"]
[Site "Chess.com INT"]
[Date "2023.03.28"]
[Round "4"]
[White "Jaskolka, Tomasz"]
[Black "Polanco Nunez, Yoel Estarling"]
[Result "1-0"]
[WhiteElo "2238"]
[BlackElo "2195"]
[PlyCount "95"]
[EventDate "2023.03.28"]
[EventType "swiss (blitz)"]
[EventRounds "11"]
[EventCountry "USA"]
[SourceTitle "EXT 2024"]
[Source "ChessBase"]
[SourceDate "2023.10.10"]
[SourceVersion "1"]
[SourceVersionDate "2023.10.10"]
[SourceQuality "1"]

1. d4 d5 2. Bf4 c5 3. e3 Nc6 4. c3 Nf6 5. Nd2 Bf5 6. Ngf3 e6 7. Qa4 Nd7 8. Bb5 Qb6 9. Ne5 Ndxe5 10. Bxe5 f6 11. dxc5 Bxc5 12. Bd4 Bxd4 13. exd4 a6 14. Bxc6+ bxc6 15. b4 Bd3 16. Nb3 0-0 17. Nc5 Bc4 18. Nd7 Qc7 19. Nxf8 Rxf8 20. Qa5 Qf4 21. Qa3 Qe4+ 22. Kd2 Qe2+ 23. Kc1 Qxf2 24. Qb2 Qf5 25. Qd2 e5 26. Kb2 exd4 27. Qxd4 a5 28. a3 a4 29. Rae1 Bb3 30. Re2 h6 31. Rhe1 Kh7 32. g4 Qg6 33. h4 Bc4 34. Re7 Bb3 35. R1e2 Bc4 36. h5 Qg5 37. Rf2 f5 38. Re5 Qh4 39. gxf5 Qxh5 40. Rg2 Rf7 41. Qf4 Qd1 42. Qg3 Qb3+ 43. Kc1 Qxa3+ 44. Kd2 Qb2+ 45. Ke1 d4 46. Qg6+ Kg8 47. Re8+ Rf8 48. Qxg7# 1-0

[Event "Titled Tuesday intern op 21st Feb Late"]
[Site "Chess.com INT"]
[Date "2023.02.21"]
[Round "1"]
[White "Skvortsov, Andrei"]
[Black "Polanco Nunez, Yoel Estarling"]
[Result "1-0"]
[WhiteElo "2252"]
[BlackElo "2195"]
[PlyCount "45"]
[EventDate "2023.02.21"]
[EventType "swiss (blitz)"]
[EventRounds "11"]
[EventCountry "USA"]
[SourceTitle "CBM 212 Extra"]
[Source "ChessBase"]
[SourceDate "2023.03.31"]
[SourceVersion "1"]
[SourceVersionDate "2023.03.31"]
[SourceQuality "1"]

1. e4 c5 2. Ne2 Nc6 3. Nbc3 g6 4. d4 cxd4 5. Nxd4 Bg7 6. Nde2 Nf6 7. g3 0-0 8. Bg2 d6 9. 0-0 a6 10. h3 Bd7 11. Nd5 Rc8 12. a4 Nxd5 13. exd5 Ne5 14. Ra2 Qc7 15. b3 Be8 16. c4 b5 17. cxb5 axb5 18. a5 b4 19. Be3 Bb5 20. f4 Nd3 21. Bb6 Qb7 22. Nd4 Nc5 23. Nxb5 1-0

[Event "Titled Tuesday intern op 31st Jan Late"]
[Site "Chess.com INT"]
[Date "2023.01.31"]
[Round "1"]
[White "Manukyan, Sargis A"]
[Black "Polanco Nunez, Yoel Estarling"]
[Result "1/2-1/2"]
[WhiteElo "2163"]
[BlackElo "2195"]
[PlyCount "174"]
[EventDate "2023.01.31"]
[EventType "swiss (blitz)"]
[EventRounds "11"]
[EventCountry "USA"]
[SourceTitle "CBM 212 Extra"]
[Source "ChessBase"]
[SourceDate "2023.03.31"]
[SourceVersion "1"]
[SourceVersionDate "2023.03.31"]
[SourceQuality "1"]

1. d4 Nf6 2. e3 d5 3. Nf3 Bf5 4. Be2 e6 5. 0-0 Bd6 6. b3 Nbd7 7. Bb2 0-0 8. Nbd2 c5 9. Ne5 Qc7 10. f4 cxd4 11. exd4 Qxc2 12. Qxc2 Bxc2 13. Rac1 Rfc8 14. Bb5 Nf8 15. g4 Ne4 16. Nxe4 Bxe4 17. g5 a6 18. Be2 Ng6 19. Rxc8+ Rxc8 20. Bd1 Nxe5 21. fxe5 Be7 22. h4 Bb4 23. Kf2 Bc3 24. Bxc3 Rxc3 25. Be2 g6 26. Rg1 Rc2 27. Ke3 Rxa2 28. Rc1 Rc2 29. Rxc2 Bxc2 30. b4 Kf8 31. Kd2 Ba4 32. Kc3 Bb5 33. Bf3 Ke7 34. Kb3 Kd7 35. Ka3 Kc6 36. Bd1 b6 37. Bc2 a5 38. Bd1 axb4+ 39. Kxb4 Bc4 40. h5 Bd3 41. h6 Bb5 42. Bb3 Be2 43. Ba4+ b5 44. Bc2 Kb6 45. Bb3 Bf3 46. Bc2 Be2 47. Bb1 Bf1 48. Ba2 Bc4 49. Bb1 Bf1 50. Bc2 Bc4 51. Bd1 Bf1 52. Bg4 Bc4 53. Bf3 Bf1 54. Bh1 Be2 55. Bg2 Bd3 56. Bh3 Be2 57. Bg2 Bc4 58. Bf3 Bf1 59. Bg4 Bc4 60. Bd1 Bf1 61. Bc2 Bc4 62. Kc3 Ka5 63. Bd1 b4+ 64. Kb2 Bb5 65. Bf3 Ba4 66. Be2 Bb5 67. Bd1 Bc4 68. Bc2 Kb5 69. Bd1 Bd3 70. Bb3 Be2 71. Ba2 Bc4 72. Bb1 b3 73. Ka3 b2 74. Kxb2 Kb4 75. Kc2 Bb5 76. Kd2 Kc4 77. Bd3+ Kb4 78. Bc2 Bf1 79. Ke3 Bb5 80. Bd1 Kc3 81. Bg4 Bc6 82. Bf3 Bb5 83. Bd1 Kb4 84. Kd2 Bc4 85. Ke3 Bb5 86. Bc2 Bc4 87. Bd1 Bb5 1/2-1/2

[Event "Titled Tuesday intern op 31st Jan Late"]
[Site "Chess.com INT"]
[Date "2023.01.31"]
[Round "2"]
[White "Polanco Nunez, Yoel Estarling"]
[Black "Filgueira, Hernan"]
[Result "0-1"]
[WhiteElo "2195"]
[BlackElo "2283"]
[PlyCount "50"]
[EventDate "2023.01.31"]
[EventType "swiss (blitz)"]
[EventRounds "11"]
[EventCountry "USA"]
[SourceTitle "CBM 212 Extra"]
[Source "ChessBase"]
[SourceDate "2023.03.31"]
[SourceVersion "1"]
[SourceVersionDate "2023.03.31"]
[SourceQuality "1"]

1. d4 d5 2. c4 e6 3. Nf3 c5 4. cxd5 exd5 5. Nc3 Nc6 6. e3 Nf6 7. Be2 Bd6 8. dxc5 Bxc5 9. 0-0 0-0 10. b3 Re8 11. Bb2 a6 12. Rc1 Ba7 13. Na4 Ne4 14. Nd4 Bd7 15. Nxc6 Bxc6 16. Nc3 Qf6 17. Ba1 Qh6 18. Bf3 Rad8 19. Re1 Nxf2 20. Kxf2 Rxe3 21. Rxe3 Qxe3+ 22. Kg3 Bb8+ 23. Kh3 Qh6+ 24. Bh5 Bd7+ 25. Kh4 g5# 0-1

[Event "Titled Tuesday intern op 03rd Jan Late"]
[Site "Chess.com INT"]
[Date "2023.01.03"]
[Round "2"]
[White "Polanco Nunez, Yoel Estarling"]
[Black "Mei, Austin"]
[Result "0-1"]
[WhiteElo "2195"]
[BlackElo "2158"]
[PlyCount "46"]
[EventDate "2023.01.03"]
[EventType "swiss (blitz)"]
[EventRounds "11"]
[EventCountry "USA"]
[SourceTitle "EXT 2024"]
[Source "ChessBase"]
[SourceDate "2023.10.10"]
[SourceVersion "1"]
[SourceVersionDate "2023.10.10"]
[SourceQuality "1"]

1. Nf3 Nf6 2. c4 e6 3. g3 d5 4. Bg2 Be7 5. b3 0-0 6. 0-0 c6 7. d4 a6 8. Qc2 b5 9. Rd1 Nbd7 10. Nc3 Bb7 11. e4 dxe4 12. Ng5 c5 13. dxc5 Qc7 14. b4 bxc4 15. Ncxe4 Nxe4 16. Nxe4 a5 17. b5 Nxc5 18. Qxc4 Rac8 19. Bf4 e5 20. Be3 Nxe4 21. Qxc7 Rxc7 22. Bb6 Rc4 23. Rd7 Bc5 0-1

[Event "Titled Tuesday intern op 13th Dec Early"]
[Site "Chess.com INT"]
[Date "2022.12.13"]
[Round "2"]
[White "Czopor, Maciej"]
[Black "Polanco Nunez, Yoel Estarling"]
[Result "1-0"]
[WhiteElo "2412"]
[BlackElo "2195"]
[PlyCount "51"]
[EventDate "2022.12.13"]
[EventType "swiss (blitz)"]
[EventRounds "11"]
[EventCountry "USA"]
[SourceTitle "EXT 2024"]
[Source "ChessBase"]
[SourceDate "2023.10.10"]
[SourceVersion "1"]
[SourceVersionDate "2023.10.10"]
[SourceQuality "1"]

1. c4 Nf6 2. Nc3 e5 3. e3 Nc6 4. a3 d5 5. cxd5 Nxd5 6. Qc2 Be7 7. Nf3 0-0 8. Be2 Nxc3 9. bxc3 Bd6 10. 0-0 f5 11. d4 e4 12. Nd2 Rf6 13. g3 Ne7 14. Nc4 Bd7 15. a4 Nd5 16. Nxd6 cxd6 17. c4 Ne7 18. Bb2 Rc8 19. Qb3 Qc7 20. a5 Rff8 21. d5 Ng6 22. Bd4 Ra8 23. Rfb1 Bc8 24. Qb4 Re8 25. Bh5 Ne5 26. Bxe8 1-0

[Event "Titled Tuesday intern op 29th Nov Early"]
[Site "Chess.com INT"]
[Date "2022.11.29"]
[Round "2"]
[White "Polanco Nunez, Yoel Estarling"]
[Black "Godzwon, Iwo"]
[Result "1-0"]
[WhiteElo "2206"]
[BlackElo "2386"]
[PlyCount "101"]
[EventDate "2022.11.29"]
[EventType "swiss (blitz)"]
[EventRounds "11"]
[EventCountry "USA"]
[SourceTitle "EXT 2024"]
[Source "ChessBase"]
[SourceDate "2023.10.10"]
[SourceVersion "1"]
[SourceVersionDate "2023.10.10"]
[SourceQuality "1"]

1. d4 Nf6 2. Nf3 e6 3. g3 b6 4. Bg2 Bb7 5. 0-0 c5 6. c4 cxd4 7. Nxd4 Bxg2 8. Kxg2 Qc7 9. b3 Nc6 10. Bb2 Nxd4 11. Bxd4 Be7 12. Nc3 0-0 13. Rc1 Qb7+ 14. Kg1 d5 15. Bxf6 Bxf6 16. cxd5 Rfd8 17. e4 Bxc3 18. Rxc3 exd5 19. Rd3 Rd6 20. Rxd5 Rxd5 21. Qxd5 Qxd5 22. exd5 Rd8 23. Rc1 g6 24. Rc7 a5 25. Rb7 Rxd5 26. Rxb6 Rd2 27. a3 Rb2 28. b4 axb4 29. axb4 h5 30. h4 Kg7 31. Kg2 Rb3 32. b5 Kh7 33. Kf1 Rb1+ 34. Ke2 Rb2+ 35. Ke3 Rb3+ 36. Kd4 Rb2 37. Kc3 Rxf2 38. Rd6 Rf3+ 39. Rd3 Rf1 40. Kb4 Rf6 41. Kc5 Rf5+ 42. Kc6 Rf6+ 43. Kc7 g5 44. hxg5 Rf5 45. b6 Rxg5 46. b7 Rb5 47. b8Q Rxb8 48. Kxb8 Kg6 49. Kc7 Kf5 50. Rd4 Ke5 51. Rf4 1-0

[Event "Titled Tuesday intern op 18th Oct Early"]
[Site "Chess.com INT"]
[Date "2022.10.18"]
[Round "1"]
[White "Al Hosani, Omran"]
[Black "Polanco Nunez, Yoel Estarling"]
[Result "0-1"]
[WhiteElo "2262"]
[BlackElo "2206"]
[PlyCount "100"]
[EventDate "2022.10.18"]
[EventType "swiss (blitz)"]
[EventRounds "11"]
[EventCountry "USA"]
[SourceTitle "EXT 2024"]
[Source "ChessBase"]
[SourceDate "2023.10.10"]
[SourceVersion "1"]
[SourceVersionDate "2023.10.10"]
[SourceQuality "1"]

1. Nf3 Nf6 2. e3 d5 3. d4 g6 4. c4 Bg7 5. Nc3 0-0 6. Be2 c5 7. dxc5 dxc4 8. 0-0 Qa5 9. Qa4 Qxa4 10. Nxa4 Nbd7 11. Bxc4 Ne4 12. c6 bxc6 13. Nd2 Nd6 14. Rb1 Nb6 15. Nxb6 axb6 16. a3 Bf5 17. Ra1 Rfd8 18. Be2 b5 19. Nb3 Bc2 20. Nc5 Nc4 21. Ra2 Rd5 22. b3 Bf5 23. e4 Rxc5 24. exf5 Re5 25. bxc4 b4 26. Bf3 Ra6 27. Bb2 b3 28. Bxe5 bxa2 29. Bxg7 Kxg7 30. fxg6 Rxa3 31. Ra1 f5 32. gxh7 Rb3 33. g4 Rb1+ 34. Kg2 Rxa1 35. g5 Rc1 36. h4 a1Q 37. Kg3 Kxh7 38. h5 Kg7 39. h6+ Kg6 40. Bh5+ Kxh5 41. h7 Kxg5 42. h8Q Qxh8 43. f4+ Kf6 44. Kf3 Rxc4 45. Ke2 Rxf4 46. Kd3 Re4 47. Kd2 Qh3 48. Kc2 Rg4 49. Kd1 Rg2 50. Ke1 Qh1# 0-1

[Event "Titled Tuesday intern op 18th Oct Early"]
[Site "Chess.com INT"]
[Date "2022.10.18"]
[Round "6"]
[White "Martic, Ivan"]
[Black "Polanco Nunez, Yoel Estarling"]
[Result "1-0"]
[WhiteElo "2264"]
[BlackElo "2206"]
[PlyCount "63"]
[EventDate "2022.10.18"]
[EventType "swiss (blitz)"]
[EventRounds "11"]
[EventCountry "USA"]
[SourceTitle "EXT 2024"]
[Source "ChessBase"]
[SourceDate "2023.10.10"]
[SourceVersion "1"]
[SourceVersionDate "2023.10.10"]
[SourceQuality "1"]

1. e4 c5 2. Nf3 e6 3. d3 Nc6 4. g3 d5 5. Bd2 Nf6 6. Qe2 Be7 7. Bg2 0-0 8. 0-0 b5 9. h4 b4 10. e5 Nd7 11. Bf4 a5 12. Nbd2 a4 13. a3 Ba6 14. Rfe1 bxa3 15. bxa3 c4 16. dxc4 Na5 17. Ng5 h6 18. Nh3 Nxc4 19. Nxc4 Bxc4 20. Qg4 Kh8 21. Qh5 Kh7 22. Ng5+ Bxg5 23. hxg5 Rb8 24. gxh6 g6 25. Qg4 Rb2 26. Reb1 Qb6 27. Rc1 Qd4 28. Qg5 f6 29. exf6 Qxf6 30. Qxf6 Nxf6 31. Be5 Ng4 32. Bxb2 1-0

[Event "Titled Tuesday intern op 11th Oct Late"]
[Site "Chess.com INT"]
[Date "2022.10.11"]
[Round "4"]
[White "Joubert, Dantelle"]
[Black "Polanco Nunez, Yoel Estarling"]
[Result "1-0"]
[WhiteElo "1566"]
[BlackElo "2206"]
[PlyCount "127"]
[EventDate "2022.10.11"]
[EventType "swiss (blitz)"]
[EventRounds "11"]
[EventCountry "USA"]
[SourceTitle "EXT 2024"]
[Source "ChessBase"]
[SourceDate "2023.10.10"]
[SourceVersion "1"]
[SourceVersionDate "2023.10.10"]
[SourceQuality "1"]

1. d4 Nf6 2. c4 e6 3. Nf3 d5 4. Nc3 c6 5. e3 Nbd7 6. Be2 Be7 7. 0-0 0-0 8. b3 b6 9. Bb2 Bb7 10. Qc2 Rc8 11. e4 dxe4 12. Nxe4 c5 13. Nxf6+ Nxf6 14. dxc5 bxc5 15. Rad1 Qb6 16. Qc3 Be4 17. Ne5 Rfd8 18. Rfe1 Qb7 19. Bf1 Ne8 20. Qe3 Bg6 21. Nxg6 hxg6 22. Be2 Nd6 23. Bg4 Nf5 24. Bxf5 Rxd1 25. Rxd1 gxf5 26. Qg3 f6 27. h4 Rd8 28. Rxd8+ Bxd8 29. Qe3 Qc6 30. h5 Be7 31. h6 g5 32. Qh3 Qe8 33. Qe3 Qf7 34. Ba3 f4 35. Qe4 f5 36. Qc6 Kh7 37. Bxc5 Bxc5 38. Qxc5 Kxh6 39. Qc6 Kh5 40. Qd6 f3 41. gxf3 g4 42. fxg4+ fxg4 43. Qe5+ Kg6 44. c5 Qd7 45. Qd6 Qxd6 46. cxd6 Kf6 47. Kg2 e5 48. Kg3 Ke6 49. Kxg4 Kxd6 50. Kf5 Kd5 51. a3 a5 52. b4 a4 53. f3 Kd4 54. Ke6 e4 55. fxe4 Kxe4 56. b5 Kd4 57. b6 Kc4 58. b7 Kb3 59. b8Q+ Kxa3 60. Qb5 Ka2 61. Qxa4+ Kb1 62. Qb3+ Ka1 63. Qd3 Kb2 64. Qc4 1-0